Cities With Two Words and 4,000,000 People - Statistics

General Stats
  • This quiz has been taken 151 times
    124 since last reset
  • The average score is 9 of 14
Answer Stats
Answer % Correct
New York
93%
Los Angeles
86%
Mexico City
77%
Rio de Janeiro
77%
São Paulo
76%
San Francisco
73%
Buenos Aires
69%
Saint Petersburg
58%
Ho Chi Minh City
53%
Hong Kong
52%
Kuala Lumpur
52%
Belo Horizonte
36%
Dar es Salaam
26%
Porto Alegre
24%
No matching quizzes found
Score Distribution
Percent of People with Each Score
Percentile by Number Answered
Your Score History
You have not taken this quiz since the last reset